000 00830cab a2200265 4500
001 WB3245-47
008 090401t1996 xxu||||| |||| 00| 0 eng d
035 _a(Sirsi) u60423
041 _aeng
245 _aLabour links subsidies to farm jobs
260 _c1996
350 _a0
490 _aDaily Telegraph
_v28 November 1996, 16
490 _aFinancial Times
_v29 November 1996, 8(2)
520 _aThe Labour party aims to link farm subsidies with job creation and environmental improvement schemes by setting up `Farming with nature areas`.
650 _aENVIRONMENTAL IMPROVEMENT SCHEMES
650 _aFARMING SUBSIDIES
650 _aFARMING WITH NATURE AREAS
650 _aJOB CREATION
650 _aLABOUR PARTY
650 _aRURAL AREAS
690 _aRURAL PRACTICE
942 _n0
948 _c04/03/1997
999 _c37261
_d37261